00000000nas 2200000za 4500
0019.502364
003CaOODSP
00520250403104728
007cr |||||||||||
008150406d20102010oncux p o||||f0   b0fre|d
022 |a1920-9142
040 |aCaOODSP|bfre
043 |an-cn---
0861 |aCS91-551F-PDF
222 0|aProjections de la diversité de la population canadienne
24500|aProjections de la diversité de la population canadienne |h[ressource électronique].
260 |aOttawa : |bStatistique Canada, |c[2010-2010].
310 |aIrrégulier
3621 |aParaît depuis : 2006 à 2031 ; ne paraît plus après : 2006 à 2031.
500 |aPubl. aussi en anglais sous le titre : Projections of the diversity of the Canadian population.
69207|2gccst|aPrévision
69207|2gccst|aDonnées du recensement
69207|2gccst|aRépartition de la population
7102 |aStatistique Canada.
77508|tProjections of the diversity of the Canadian population |w(CaOODSP)9.505962
986 |aCS91-551-XIF|aCS91-551-XWF